000
00297nam a22001457a 4500
008
230703b ||||| |||| 00| 0 eng d
020
_a
9781935963042
041
_a
eng
080
_a
7
082
_a
7DJU
100
_a
19
101
_a
ART
245
_a
THE PARADE
_c
DJURBERG
942
_2
udc
_c
BK
999
_c
60078
_d
60078